Catálogo
 En Linea

Política farmacéutica nacional = Cómo desarrollar y aplicar una política farmacéutica nacional. (Registro nro. 45478)

Detalles MARC
000 -CABECERA
campo de control de longitud fija 00969nam a2200169 a 4500
001 - NÚMERO DE CONTROL
campo de control 000045989
005 - FECHA Y HORA DE LA ÚLTIMA TRANSACCIÓN
campo de control 20201002052550.0
008 - DATOS DE LONGITUD FIJA--INFORMACIÓN GENERAL
campo de control de longitud fija 150605s2007 dr 000 0 spa d
020 ## - NÚMERO INTERNACIONAL ESTÁNDAR DEL LIBRO
Número Internacional Estándar del Libro 9789945866100
040 ## - FUENTE DE LA CATALOGACIÓN
Centro catalogador/agencia de origen DO-SdBNP
Lengua de catalogación spa
Centro/agencia transcriptor BNPHU
110 1# - ENTRADA PRINCIPAL--NOMBRE DE ENTIDAD CORPORATIVA
Nombre de entidad corporativa o nombre de jurisdicción como elemento de entrada República Dominicana.
Unidad subordinada Comisión Presidencial de Política Farmaceutica Nacional
9 (RLIN) 74055
245 10 - MENCIÓN DE TÍTULO
Título Política farmacéutica nacional = Cómo desarrollar y aplicar una política farmacéutica nacional.
260 ## - PUBLICACIÓN, DISTRIBUCIÓN, ETC.
Lugar de publicación, distribución, etc. Santo Domingo :
Nombre del editor, distribuidor, etc. Comisión Presidencial de Política Farmaceutica Nacional,
Fecha de publicación, distribución, etc. 2007.
300 ## - DESCRIPCIÓN FÍSICA
Extensión 90 p. ;
Dimensiones 22 cm.
504 ## - NOTA DE BIBLIOGRAFÍA, ETC.
Nota de bibliografía, etc. Bibliografía p: 87-90
505 0# - NOTA DE CONTENIDO CON FORMATO
Título Prólogo --
Información miscelánea capitulo I --
Título Contextualización --
Información miscelánea capitulo II --
Título Situación de los medicamentos en la Repúbica Dominicana --
Información miscelánea capitulo III --
Título Propósito y objetivos de la política farmaceutina nacional --
Información miscelánea capitulo IV --
Título Directrices y estrategias --
Información miscelánea anexo --
Título Cómo desarrollar y aplicar una política farmacéutica nacional --
Existencias
Estado de retiro Estado de pérdida No para préstamo Código de colección Localización permanente Ubicación/localización actual Ubicación en estantería Fecha de adquisición Número de inventario Total de préstamos Signatura topográfica completa Código de barras Fecha visto por última vez Precio válido a partir de Tipo de ítem Koha
    Excluido de préstamo Patrimonio Dominicano Patrimonio Dominicano Patrimonio Dominicano Depósito 05.06.2015 LF1   45989-10 25.06.2020 25.06.2020 Libro y Folleto Colección Patrimonio Dominicano

Con tecnología Koha